[Event "ITA-ch U16"]
[Site "Montesilvano"]
[Date "2015.07.01"]
[Round "3"]
[White "Orfini, Nicolo"]
[Black "Laico, Emanuele"]
[Result "1-0"]
[WhiteElo "1743"]
[BlackElo "1744"]
[PlyCount "43"]
[EventDate "2015.06.29"]
[EventType "swiss"]
[EventRounds "9"]
[EventCountry "ITA"]
[SourceTitle "EXT 2024"]
[Source "ChessBase"]
[SourceDate "2023.10.10"]
[SourceVersion "1"]
[SourceVersionDate "2023.10.10"]
[SourceQuality "1"]

1. e4 c5 2. Nf3 a6 3. c4 e6 4. d4 cxd4 5. Nxd4 Nf6 6. Nc3 Qc7 7. Bd3 d6 8. 0-0 Be7 9. Kh1 0-0 10. Qe2 Nbd7 11. f4 Re8 12. Bd2 Bf8 13. Rae1 e5 14. Nf3 exf4 15. Bxf4 Ng4 16. Nd5 Qc6 17. Nd4 Qc5 18. Nb3 Qa7 19. Qxg4 Ne5 20. Qg3 Re6 21. Bxe5 Rg6 22. Qf3 1-0

[Event "Ceriano Laghetto op-B 22nd"]
[Site "Ceriano Laghetto"]
[Date "2013.03.03"]
[Round "4"]
[White "Prevedello, Daniele"]
[Black "Laico, Emanuele"]
[Result "1-0"]
[WhiteElo "1634"]
[BlackElo "1813"]
[PlyCount "81"]
[EventDate "2013.03.01"]
[EventType "swiss"]
[EventRounds "5"]
[EventCountry "ITA"]
[SourceTitle "EXT 2024"]
[Source "ChessBase"]
[SourceDate "2023.10.10"]
[SourceVersion "1"]
[SourceVersionDate "2023.10.10"]
[SourceQuality "1"]

1. c4 Nf6 2. Nc3 g6 3. Nf3 Bg7 4. g3 d6 5. Bg2 0-0 6. 0-0 Nc6 7. d3 Bd7 8. Rb1 a5 9. Bd2 Qc8 10. Re1 Nd8 11. Qc2 c5 12. a3 Nc6 13. Na2 Rb8 14. b4 axb4 15. axb4 b6 16. b5 Nd8 17. Ng5 Qc7 18. Ne4 Nxe4 19. Bxe4 Bc8 20. Nc3 e6 21. Ra1 Bb7 22. Bxb7 Qxb7 23. Bf4 e5 24. Bd2 Ne6 25. Ra6 Ra8 26. Rea1 Rxa6 27. Rxa6 Ra8 28. Qa2 Rxa6 29. Qxa6 Qxa6 30. bxa6 Nc7 31. a7 f5 32. Nb5 Na8 33. Nxd6 Kf8 34. Kg2 Ke7 35. Nb5 Bf6 36. Kf3 Kd7 37. e4 fxe4+ 38. Kxe4 Ke6 39. f4 exf4 40. Bxf4 Be7 41. Nc7+ 1-0